Historical USA Trips by Route Quiz Stats

 Plays Quiz Updated Jul 1, 2017

Support Sporcle.
Go Orange.
Score 0/14 Timer 05:00
0 Plays Today
% Correct
Oakland Raiders
89.8%
Mayflower
88.4%
Mormons
86.7%
Powell
86.4%
Freedom 7
84.7%
Davy Crockett
83.9%
Lindbergh
83.5%
% Correct
JFK
81.7%
Ponce
de Leon
81.2%
Lewis & Clark
80.4%
Appleseed
75.9%
DB Cooper
74.3%
Trail of Tears
68.6%
Coronado
64%

You're not logged in!

Compare scores with friends on all Sporcle quizzes.
OR
Log In
Forgot?

From the Vault

TV Shows A-Z

by enough

Would I be sharing too much if I told you this is how I set up my Netflix queue?
Remove Ads.
Support Sporcle.
Get the best of Sporcle when you Go Orange. This ad-free experience offers more features, more stats, and more fun while also helping to support Sporcle. Thank you for becoming a member.

Show Comments

Extras

Top Quizzes Today


Score Distribution

Your Account Isn't Verified!

In order to create a playlist on Sporcle, you need to verify the email address you used during registration. Go to your Sporcle Settings to finish the process.

Report this User

Report this user for behavior that violates our Community Guidelines.

Details: